[Event "Montreal Saturday op 10"]
[Site "Montreal CAN"]
[Date "2009.11.04"]
[Round "5"]
[White "Dumont, Felix"]
[Black "Pilotte, Benoit"]
[Result "1-0"]
[WhiteElo "1844"]
[BlackElo "1805"]
[PlyCount "65"]
[GameId "2160767910096589"]
[EventDate "2009.10.07"]
[EventType "tourn"]
[EventRounds "5"]
[EventCountry "CAN"]
[SourceTitle "EXT 2011"]
[Source "ChessBase"]
[SourceDate "2011.11.26"]
[SourceVersion "1"]
[SourceVersionDate "2011.11.26"]
[SourceQuality "1"]

1. e4 g6 2. d4 Bg7 3. c4 c5 4. Nf3 Qb6 5. Nc3 cxd4 6. Nd5 Qa5+ 7. b4 Qd8 8. Nxd4 e6 9. Ne3 Ne7 10. Rb1 d5 11. cxd5 exd5 12. exd5 Nxd5 13. Bb5+ Kf8 14. Bc4 Nc7 15. Bb2 Nd7 16. Nb5 Nxb5 17. Bxb5 Qe7 18. O-O Bxb2 19. Rxb2 Qe5 20. Qe2 a6 21. Bc4 Nb6 22. Bb3 Be6 23. Bxe6 Qxe6 24. Qf3 Qe7 25. Rd1 Re8 26. h3 Kg7 27. Qg4 Qe5 28. Rc2 Re7 29. Rc5 Qe6 30. Nf5+ Kf8 31. Nxe7 Qxe7 32. Qd4 f6 33. Qd8+ 1-0

[Event "Montreal Saturday op 10"]
[Site "Montreal CAN"]
[Date "2009.11.04"]
[Round "5"]
[White "Gauthier, Luc"]
[Black "Khudaverdian, Berj"]
[Result "1/2-1/2"]
[WhiteElo "1720"]
[BlackElo "1761"]
[PlyCount "109"]
[GameId "2160767910096590"]
[EventDate "2009.10.07"]
[EventType "tourn"]
[EventRounds "5"]
[EventCountry "CAN"]
[SourceTitle "EXT 2011"]
[Source "ChessBase"]
[SourceDate "2011.11.26"]
[SourceVersion "1"]
[SourceVersionDate "2011.11.26"]
[SourceQuality "1"]

1. e4 d6 2. d4 Nf6 3. Nc3 g6 4. Be3 Bg7 5. Qd2 Ng4 6. Bg5 h6 7. Bh4 c6 8. f3 Nf6 9. a4 Qa5 10. Bc4 Nbd7 11. Nge2 e6 12. Bg3 e5 13. O-O O-O 14. Bf2 Kh7 15. Be3 Nb6 16. Bb3 Be6 17. Bxe6 fxe6 18. b4 Qxb4 19. a5 Nc4 20. Rfb1 Qxb1+ 21. Rxb1 Nxd2 22. Bxd2 Rab8 23. dxe5 dxe5 24. Be3 b6 25. axb6 axb6 26. Rxb6 Rxb6 27. Bxb6 Nd7 28. Be3 Rb8 29. Na4 Bf8 30. Nec3 Rb4 31. Kf2 Rc4 32. Bd2 Bb4 33. Ke2 Bxc3 34. Nxc3 Nc5 35. Kd1 g5 36. Ke2 Kg6 37. Kd1 Na4 38. Nxa4 Rxa4 39. Ke2 Ra1 40. Be3 Kf6 41. h4 Rh1 42. hxg5+ hxg5 43. Kf2 Rb1 44. Ke2 Kg6 45. g4 Rh1 46. c4 Rh2+ 47. Kd1 Ra2 48. c5 Kf6 49. Ke1 Rh2 50. Kd1 Ra2 51. Ke1 Rh2 52. Kd1 Rh8 53. Ke2 Rg8 54. Kd3 Rd8+ 55. Ke2 1/2-1/2

[Event "Montreal Saturday op 10"]
[Site "Montreal CAN"]
[Date "2009.11.04"]
[Round "5"]
[White "Keane-McCarney, Eamon"]
[Black "Sonn, Eric"]
[Result "1-0"]
[WhiteElo "1552"]
[BlackElo "1550"]
[PlyCount "41"]
[GameId "2160767910096591"]
[EventDate "2009.10.07"]
[EventType "tourn"]
[EventRounds "5"]
[EventCountry "CAN"]
[SourceTitle "EXT 2011"]
[Source "ChessBase"]
[SourceDate "2011.11.26"]
[SourceVersion "1"]
[SourceVersionDate "2011.11.26"]
[SourceQuality "1"]

1. e4 c5 2. Nf3 e6 3. d4 cxd4 4. Nxd4 a6 5. Bd3 Qc7 6. Be3 Nf6 7. O-O b6 8. c4 Bb7 9. f3 Nc6 10. Nb3 Ne5 11. Bf4 Nh5 12. Bxe5 Qxe5 13. Nc3 Nf4 14. g3 Nxd3 15. Qxd3 Bb4 16. Na4 b5 17. cxb5 axb5 18. Rad1 Rd8 19. Nb6 O-O 20. Nxd7 Qxb2 21. Qxb5 1-0

[Event "Montreal Saturday op 10"]
[Site "Montreal CAN"]
[Date "2009.11.04"]
[Round "5"]
[White "Neumark-Gaudet, Zev"]
[Black "Chesnut, Walter"]
[Result "1/2-1/2"]
[WhiteElo "1578"]
[BlackElo "1621"]
[PlyCount "32"]
[GameId "2160767910096593"]
[EventDate "2009.10.07"]
[EventType "tourn"]
[EventRounds "5"]
[EventCountry "CAN"]

1. e4 e5 2. Nc3 Nc6 3. f4 Bc5 4. Nf3 d6 5. Bc4 Nf6 6. d3 Bg4 7. h3 Bxf3 8. Qxf3 Nd4 9. Qd1 a6 10. fxe5 dxe5 11. Bg5 Be7 12. Qd2 b5 13. Bb3 Nxb3 14. axb3 c6 15. O-O O-O 16. Ne2 Nxe4 1/2-1/2

[Event "Montreal Saturday op 11"]
[Site "Montreal CAN"]
[Date "2009.11.18"]
[Round "1"]
[White "Ber, Alexandre"]
[Black "Dubois, Laurent"]
[Result "1-0"]
[WhiteElo "1602"]
[BlackElo "1566"]
[PlyCount "49"]
[GameId "2160767910030226"]
[EventDate "2009.11.18"]
[EventType "tourn"]
[EventRounds "5"]
[EventCountry "CAN"]
[SourceTitle "EXT 2011"]
[Source "ChessBase"]
[SourceDate "2011.11.26"]
[SourceVersion "1"]
[SourceVersionDate "2011.11.26"]
[SourceQuality "1"]

1. d4 d5 2. c4 c6 3. Nf3 Nf6 4. e3 Bf5 5. Nc3 e6 6. b3 Bb4 7. Bd2 Qe7 8. c5 Ba5 9. Be2 Nbd7 10. O-O e5 11. dxe5 Bxc3 12. Bxc3 Ne4 13. Bb2 Nexc5 14. Ba3 Qd8 15. Nd4 Qg5 16. f4 Qg6 17. Bh5 Bg4 18. Bxg4 Ne4 19. Bxd7+ Kxd7 20. f5 Qg5 21. e6+ Ke8 22. Qf3 h5 23. Qf4 Qf6 24. Qc7 Qg5 25. Qd7# 1-0

[Event "Montreal Saturday op 11"]
[Site "Montreal CAN"]
[Date "2009.11.18"]
[Round "1"]
[White "Chesnut, Walter"]
[Black "Matheson, Ben"]
[Result "1-0"]
[WhiteElo "1596"]
[BlackElo "1569"]
[PlyCount "47"]
[GameId "2160767910030227"]
[EventDate "2009.11.18"]
[EventType "tourn"]
[EventRounds "5"]
[EventCountry "CAN"]

1. e4 e6 2. d4 d5 3. e5 c5 4. c3 Qb6 5. a3 Nc6 6. Nf3 c4 7. Nbd2 Na5 8. Be2 Bd7 9. O-O Rc8 10. Rb1 Nb3 11. Nxb3 Qxb3 12. Qxb3 cxb3 13. Nd2 Ba4 14. Bd1 Rc6 15. Nxb3 Rb6 16. Nd2 Bb5 17. Re1 Ne7 18. Be2 Nc6 19. b4 Be7 20. Bxb5 Rxb5 21. a4 Rb6 22. a5 Rb5 23. Rb2 O-O 24. Nb1 1-0

[Event "Montreal Saturday op 11"]
[Site "Montreal CAN"]
[Date "2009.11.18"]
[Round "1"]
[White "Gagnon, Serge"]
[Black "Cvetkovic, Simeon"]
[Result "1-0"]
[WhiteElo "1954"]
[BlackElo "1933"]
[PlyCount "141"]
[GameId "2160767910030229"]
[EventDate "2009.11.18"]
[EventType "tourn"]
[EventRounds "5"]
[EventCountry "CAN"]
[SourceTitle "EXT 2011"]
[Source "ChessBase"]
[SourceDate "2011.11.26"]
[SourceVersion "1"]
[SourceVersionDate "2011.11.26"]
[SourceQuality "1"]

1. d4 Nf6 2. c4 e6 3. Nf3 d5 4. Nc3 c6 5. cxd5 exd5 6. Bg5 Bf5 7. e3 Nbd7 8. Ne5 Qb6 9. Qd2 Nxe5 10. dxe5 Ne4 11. Nxe4 Bxe4 12. a3 h6 13. Bh4 a5 14. f3 Bh7 15. Be2 Bc5 16. Bf2 O-O 17. O-O Rad8 18. Qc3 d4 19. exd4 Bxd4 20. Bxd4 Qxd4+ 21. Qxd4 Rxd4 22. Rad1 Rfd8 23. Kf2 Bc2 24. Rxd4 Rxd4 25. Ke3 Rd8 26. Rc1 Bb3 27. Rc3 Bd5 28. g3 Re8 29. Kd4 f6 30. Re3 Kf7 31. f4 fxe5+ 32. Rxe5 Rxe5 33. Kxe5 Ke7 34. Bd3 Bf3 35. Bf5 Bd5 36. h4 Bf3 37. Be6 h5 38. Bf5 Be2 39. Be4 Bg4 40. Bg6 b6 41. Be4 Bd7 42. Bf3 g6 43. Be4 Be8 44. f5 gxf5 45. Bxf5 Bf7 46. g4 hxg4 47. Bxg4 Kf8 48. Kd6 b5 49. Kxc6 Bc4 50. Kc5 Bd3 51. Bd7 b4 52. Bb5 bxa3 53. bxa3 Bc2 54. Kb6 a4 55. Kc5 Kg7 56. Kd4 Kh6 57. Be8 Bb3 58. Kc3 Bd1 59. Kb4 Bc2 60. Bxa4 Be4 61. Be8 Bc2 62. Bf7 Bd3 63. a4 Ba6 64. a5 Kg7 65. Bd5 Kf6 66. Kc5 Ke5 67. Kb6 Bd3 68. Bc6 Bc4 69. Bb5 Bd5 70. a6 Kd6 71. a7 1-0

[Event "Montreal Saturday op 11"]
[Site "Montreal CAN"]
[Date "2009.11.18"]
[Round "1"]
[White "Guindon, Alex"]
[Black "Sonn, Eric"]
[Result "0-1"]
[WhiteElo "1487"]
[BlackElo "1480"]
[PlyCount "108"]
[GameId "2160767910030230"]
[EventDate "2009.11.18"]
[EventType "tourn"]
[EventRounds "5"]
[EventCountry "CAN"]
[SourceTitle "EXT 2011"]
[Source "ChessBase"]
[SourceDate "2011.11.26"]
[SourceVersion "1"]
[SourceVersionDate "2011.11.26"]
[SourceQuality "1"]

1. d4 Nf6 2. Nf3 d5 3. Bf4 g6 4. e3 Bg7 5. Be2 O-O 6. O-O Nbd7 7. h3 c5 8. dxc5 Nxc5 9. Nbd2 Nfd7 10. c3 e5 11. Bh2 Re8 12. Nb3 Ne4 13. Qxd5 Ng5 14. Rad1 Qe7 15. Qd6 Nxf3+ 16. Bxf3 Qg5 17. Rd2 Bf8 18. Qc7 e4 19. Bg4 f5 20. Be2 Nf6 21. Bc4+ Kh8 22. Rd8 Bd7 23. Rxd7 Rac8 24. Qxb7 Rxc4 25. Rc7 Ra4 26. a3 Re6 27. Qb8 Qh6 28. Rxa7 Rxa7 29. Qxa7 Re7 30. Qa6 Rf7 31. Rd1 Nh5 32. Be5+ Kg8 33. Rd8 f4 34. Bd4 Qg5 35. Qe6 Qxd8 36. Qxe4 Qb8 37. Qc2 Ng7 38. Nd2 Nf5 39. Nf3 fxe3 40. fxe3 Bh6 41. e4 Ng3 42. Be5 Qb6+ 43. Bd4 Qb7 44. b4 Nxe4 45. a4 Nd6 46. b5 Bg7 47. Bf2 Ne4 48. Bd4 Bxd4+ 49. Nxd4 Rf2 50. Qd3 Ra2 51. Qc4+ Qf7 52. Qc8+ Kg7 53. Ne6+ Kh6 54. Qc4 Qf2+ 0-1

[Event "Montreal Saturday op 11"]
[Site "Montreal CAN"]
[Date "2009.11.18"]
[Round "1"]
[White "Khudaverdian, Berj"]
[Black "Gates, Claude-Eric"]
[Result "1-0"]
[WhiteElo "1782"]
[BlackElo "1683"]
[PlyCount "98"]
[GameId "2160767910030231"]
[EventDate "2009.11.18"]
[EventType "tourn"]
[EventRounds "5"]
[EventCountry "CAN"]
[SourceTitle "EXT 2011"]
[Source "ChessBase"]
[SourceDate "2011.11.26"]
[SourceVersion "1"]
[SourceVersionDate "2011.11.26"]
[SourceQuality "1"]

1. Nf3 Nf6 2. g3 e6 3. Bg2 c5 4. d3 Nc6 5. O-O d5 6. Nbd2 Be7 7. e4 O-O 8. Re1 Qc7 9. c3 dxe4 10. dxe4 e5 11. Qc2 h6 12. a4 Be6 13. Nf1 Rac8 14. Nh4 Qb6 15. Ne3 Rfd8 16. Nhf5 Bf8 17. Qe2 Ne7 18. a5 Qc7 19. a6 b6 20. Nxe7+ Qxe7 21. c4 Nd7 22. Nd5 Qe8 23. f4 Bxd5 24. exd5 exf4 25. Qf2 fxg3 26. hxg3 Ne5 27. Bf4 Bd6 28. Qe2 f6 29. Bh3 Rc7 30. Be6+ Kh8 31. Bf5 Re7 32. Be6 Qg6 33. Ra3 Rde8 34. Re3 Rd8 35. b3 Rde8 36. Re4 Rd8 37. Kg2 Rde8 38. Rh1 Nf7 39. Bxd6 Nxd6 40. Rg4 Rxe6 41. dxe6 Qf5 42. Rf1 Rxe6 43. Rxf5 Rxe2+ 44. Kf1 Ra2 45. Rd5 Nf7 46. Rd7 Ne5 47. Rd8+ Kh7 48. Re4 Rxa6 49. Kg2 Ra3 1-0

[Event "Montreal Saturday op 11"]
[Site "Montreal CAN"]
[Date "2009.11.18"]
[Round "1"]
[White "Lange, David"]
[Black "Dumont, Felix"]
[Result "1/2-1/2"]
[WhiteElo "1978"]
[BlackElo "1936"]
[PlyCount "82"]
[GameId "2160767910030232"]
[EventDate "2009.11.18"]
[EventType "tourn"]
[EventRounds "5"]
[EventCountry "CAN"]
[SourceTitle "EXT 2011"]
[Source "ChessBase"]
[SourceDate "2011.11.26"]
[SourceVersion "1"]
[SourceVersionDate "2011.11.26"]
[SourceQuality "1"]

1. d4 Nf6 2. c4 g6 3. Nc3 Bg7 4. Nf3 O-O 5. e3 d6 6. Be2 Nbd7 7. O-O e5 8. dxe5 Nxe5 9. Nxe5 dxe5 10. Qxd8 Rxd8 11. Rd1 Be6 12. b3 Rxd1+ 13. Bxd1 Rd8 14. Ba3 c6 15. Be2 Bf8 16. Bxf8 Kxf8 17. Rd1 Rxd1+ 18. Bxd1 Ke7 19. Bc2 Kd6 20. f3 Kc5 21. a3 b5 22. cxb5 cxb5 23. Ne4+ Nxe4 24. fxe4 a5 25. Kf2 b4 26. a4 Kd6 27. Kf3 h5 28. h3 Ke7 29. g4 Kf6 30. gxh5 Bxh3 31. hxg6 fxg6 32. Kg3 Be6 33. Kh4 g5+ 34. Kg3 Ke7 35. Bd1 Kd6 36. Bc2 Kc5 37. Bd1 Kd6 38. Kf3 Kc6 39. Kg3 Kc5 40. Kf3 Bd7 41. Bc2 Be6 1/2-1/2

[Event "Montreal Saturday op 11"]
[Site "Montreal CAN"]
[Date "2009.11.18"]
[Round "1"]
[White "Lescarbeau, Martin"]
[Black "Chenard, Yanick"]
[Result "1-0"]
[WhiteElo "1541"]
[BlackElo "1440"]
[PlyCount "73"]
[GameId "2160767910030233"]
[EventDate "2009.11.18"]
[EventType "tourn"]
[EventRounds "5"]
[EventCountry "CAN"]
[SourceTitle "EXT 2011"]
[Source "ChessBase"]
[SourceDate "2011.11.26"]
[SourceVersion "1"]
[SourceVersionDate "2011.11.26"]
[SourceQuality "1"]

1. e4 e5 2. Nc3 Nf6 3. Bc4 Nxe4 4. Qh5 Nd6 5. Bb3 Be7 6. Nf3 Nc6 7. d3 Bf6 8. Ng5 g6 9. Qh6 Bxg5 10. Bxg5 f6 11. Qg7 Rf8 12. Bh6 Qe7 13. Qxe7+ Nxe7 14. Bxf8 Kxf8 15. O-O a5 16. a4 c6 17. f4 exf4 18. Rxf4 Ndf5 19. g4 d5 20. gxf5 Nxf5 21. Raf1 Bd7 22. Nxd5 cxd5 23. Bxd5 Bxa4 24. b3 Bc6 25. Bxc6 bxc6 26. Ra4 c5 27. Rfa1 Nd4 28. Rxa5 Rxa5 29. Rxa5 Nxc2 30. Rxc5 Nd4 31. b4 Ke8 32. Kf2 Ne6 33. Rc3 Kd7 34. b5 Nc7 35. b6 Na6 36. b7 Nb8 37. Rc8 1-0

[Event "Montreal Saturday op 11"]
[Site "Montreal CAN"]
[Date "2009.11.18"]
[Round "1"]
[White "Neumark-Gaudet, Zev"]
[Black "Phelippe, Yannic"]
[Result "1-0"]
[WhiteElo "1548"]
[BlackElo "1508"]
[PlyCount "51"]
[GameId "2160767910030235"]
[EventDate "2009.11.18"]
[EventType "tourn"]
[EventRounds "5"]
[EventCountry "CAN"]
[SourceTitle "EXT 2011"]
[Source "ChessBase"]
[SourceDate "2011.11.26"]
[SourceVersion "1"]
[SourceVersionDate "2011.11.26"]
[SourceQuality "1"]

1. e4 c5 2. Nc3 Nc6 3. f4 g6 4. Nf3 d6 5. Bb5 a6 6. Bxc6+ bxc6 7. d3 e6 8. O-O Bg7 9. Qe1 Ne7 10. f5 exf5 11. exf5 Bxf5 12. Bg5 Be6 13. Ne4 Qc7 14. Bf6 Bxf6 15. Nxf6+ Kd8 16. Ng5 Kc8 17. Nxe6 fxe6 18. Qxe6+ Kb7 19. Ne4 Rad8 20. Rf7 Rhe8 21. Raf1 Kb8 22. Rxh7 Nd5 23. Qxg6 Qb6 24. Nxd6 c4+ 25. Kh1 c5 26. Rb7+ 1-0

[Event "Montreal Saturday op 11"]
[Site "Montreal CAN"]
[Date "2009.11.18"]
[Round "1"]
[White "Pilotte, Benoit"]
[Black "Keane-McCarney, Eamon"]
[Result "0-1"]
[WhiteElo "1786"]
[BlackElo "1640"]
[PlyCount "40"]
[GameId "2160767910030236"]
[EventDate "2009.11.18"]
[EventType "tourn"]
[EventRounds "5"]
[EventCountry "CAN"]
[SourceTitle "EXT 2011"]
[Source "ChessBase"]
[SourceDate "2011.11.26"]
[SourceVersion "1"]
[SourceVersionDate "2011.11.26"]
[SourceQuality "1"]

1. g4 e5 2. Bg2 d5 3. c4 c6 4. cxd5 cxd5 5. Qb3 Ne7 6. Nc3 Bxg4 7. Qxb7 Nbc6 8. Nxd5 Rb8 9. Qa6 Nd4 10. Qxa7 Nxd5 11. Bxd5 Be7 12. Qa4+ Bd7 13. Qd1 Bf5 14. e4 Qc8 15. Kf1 Bh3+ 16. Ke1 Bg2 17. Qh5 O-O 18. Qxe5 Bf6 19. Qg3 Bxh1 20. e5 Bxe5 0-1

[Event "Montreal Saturday op 11"]
[Site "Montreal CAN"]
[Date "2009.11.18"]
[Round "1"]
[White "Pozdnyakov, Alexander"]
[Black "Gauthier, Luc"]
[Result "1-0"]
[WhiteElo "1704"]
[BlackElo "1700"]
[PlyCount "69"]
[GameId "2160767910030237"]
[EventDate "2009.11.18"]
[EventType "tourn"]
[EventRounds "5"]
[EventCountry "CAN"]
[SourceTitle "EXT 2011"]
[Source "ChessBase"]
[SourceDate "2011.11.26"]
[SourceVersion "1"]
[SourceVersionDate "2011.11.26"]
[SourceQuality "1"]

1. f4 e5 2. fxe5 d6 3. exd6 Bxd6 4. Nf3 g5 5. g3 g4 6. Nh4 Nf6 7. d4 Nbd7 8. Nf5 Nb6 9. Nxd6+ Qxd6 10. Bg2 Nbd5 11. O-O h6 12. e4 Bd7 13. exd5 O-O-O 14. c4 c5 15. Bf4 Qb6 16. b3 cxd4 17. Be5 d3+ 18. Kh1 Ne4 19. Bxe4 Rhe8 20. c5 Qb4 21. Nd2 Rxe5 22. c6 bxc6 23. dxc6 Be6 24. c7 Rd7 25. Bg2 Re2 26. Nc4 Rxg2 27. Kxg2 Bd5+ 28. Kg1 Qc5+ 29. Rf2 Bf3 30. Qd2 Qd4 31. Re1 Rxc7 32. Re8+ Kd7 33. Qe1 Rxc4 34. bxc4 d2 35. Qe7+ 1-0

[Event "Montreal Saturday op 11"]
[Site "Montreal CAN"]
[Date "2009.11.25"]
[Round "2"]
[White "Bergeron, Rene"]
[Black "Matheson, Ben"]
[Result "1-0"]
[WhiteElo "1548"]
[BlackElo "1569"]
[PlyCount "85"]
[GameId "2160767910030238"]
[EventDate "2009.11.18"]
[EventType "tourn"]
[EventRounds "5"]
[EventCountry "CAN"]
[SourceTitle "EXT 2011"]
[Source "ChessBase"]
[SourceDate "2011.11.26"]
[SourceVersion "1"]
[SourceVersionDate "2011.11.26"]
[SourceQuality "1"]

1. e4 e6 2. c4 d5 3. cxd5 exd5 4. exd5 Nf6 5. Nc3 Nxd5 6. Bc4 Nb6 7. Bb3 Be7 8. Qf3 O-O 9. Nge2 Nc6 10. O-O Bf6 11. Ne4 Nd7 12. d3 Nd4 13. Nxf6+ Nxf6 14. Nxd4 Qxd4 15. Bf4 c6 16. Rfe1 Nd7 17. Re7 Qxb2 18. Rae1 Qf6 19. Qg3 Nc5 20. Re8 Be6 21. Rxf8+ Rxf8 22. Bd6 Rd8 23. Bxc5 Qc3 24. Qe5 Qxe5 25. Rxe5 Rxd3 26. Bxa7 g6 27. Re3 Rd2 28. h3 Bxb3 29. axb3 Rd1+ 30. Kh2 Rd7 31. b4 f5 32. Bc5 Kf7 33. Re2 Kf6 34. Kg3 g5 35. Re8 h5 36. h4 Rd3+ 37. f3 f4+ 38. Kh2 gxh4 39. Rf8+ Ke5 40. Rf7 b5 41. Rh7 h3 42. Kxh3 Rd1 43. Rxh5+ 1-0

[Event "Montreal Saturday op 11"]
[Site "Montreal CAN"]
[Date "2009.11.25"]
[Round "2"]
[White "Chenard, Yanick"]
[Black "Guindon, Alex"]
[Result "1/2-1/2"]
[WhiteElo "1440"]
[BlackElo "1487"]
[PlyCount "92"]
[GameId "2160767910030239"]
[EventDate "2009.11.18"]
[EventType "tourn"]
[EventRounds "5"]
[EventCountry "CAN"]
[SourceTitle "EXT 2011"]
[Source "ChessBase"]
[SourceDate "2011.11.26"]
[SourceVersion "1"]
[SourceVersionDate "2011.11.26"]
[SourceQuality "1"]

1. e4 e5 2. Bc4 Nf6 3. d4 exd4 4. Nf3 Bb4+ 5. Bd2 Bxd2+ 6. Qxd2 Nc6 7. O-O d6 8. Re1 Ne5 9. Nxe5 dxe5 10. Qg5 O-O 11. Qxe5 Re8 12. Qg5 Be6 13. Bd3 Nd7 14. Qh5 g6 15. Qh6 Ne5 16. Bf1 Qf6 17. h3 c5 18. f4 Nd7 19. Nd2 Qg7 20. Qh4 Kh8 21. Bb5 a6 22. Bxd7 Bxd7 23. e5 Bc6 24. Nc4 Re6 25. Nd6 Rf8 26. Rad1 f6 27. Qg4 Qe7 28. Qh4 g5 29. exf6 Qxd6 30. fxg5 Qd5 31. Qg4 Re4 32. Rxe4 Qxe4 33. Qxe4 Bxe4 34. Rd2 Kg8 35. Kf2 Kf7 36. Kg3 Rd8 37. Kf4 Bg6 38. h4 Re8 39. g4 Re4+ 40. Kf3 Re3+ 41. Kf4 Be4 42. c3 Bd3 43. cxd4 cxd4 44. h5 Re4+ 45. Kf3 Re3+ 46. Kf4 Re4+ 1/2-1/2

[Event "Montreal Saturday op 11"]
[Site "Montreal CAN"]
[Date "2009.11.25"]
[Round "2"]
[White "Dubois, Laurent"]
[Black "Chesnut, Walter"]
[Result "0-1"]
[WhiteElo "1566"]
[BlackElo "1596"]
[PlyCount "28"]
[GameId "2160767910030241"]
[EventDate "2009.11.18"]
[EventType "tourn"]
[EventRounds "5"]
[EventCountry "CAN"]

1. d4 d5 2. c4 c6 3. Nf3 Nf6 4. Nc3 dxc4 5. a4 Bf5 6. e3 e6 7. Bxc4 Bb4 8. O-O O-O 9. Qb3 Qb6 10. Bd2 Nbd7 11. Na2 Bxd2 12. Nxd2 Qxb3 13. Bxb3 c5 14. dxc5 Nxc5 0-1

[Event "Montreal Saturday op 11"]
[Site "Montreal CAN"]
[Date "2009.11.25"]
[Round "2"]
[White "Dumont, Felix"]
[Black "Gagnon, Serge"]
[Result "1/2-1/2"]
[WhiteElo "1936"]
[BlackElo "1954"]
[PlyCount "64"]
[GameId "2160767910030243"]
[EventDate "2009.11.18"]
[EventType "tourn"]
[EventRounds "5"]
[EventCountry "CAN"]
[SourceTitle "EXT 2011"]
[Source "ChessBase"]
[SourceDate "2011.11.26"]
[SourceVersion "1"]
[SourceVersionDate "2011.11.26"]
[SourceQuality "1"]

1. e4 d6 2. d4 Nf6 3. Nc3 g6 4. f4 Bg7 5. Nf3 O-O 6. Bd3 Nc6 7. O-O Bg4 8. Be2 Bxf3 9. Bxf3 e5 10. d5 Nd4 11. fxe5 dxe5 12. Be3 Ne8 13. Bxd4 exd4 14. Ne2 c5 15. c3 Nd6 16. cxd4 cxd4 17. Qd3 Qb6 18. a4 Rac8 19. b3 f5 20. exf5 Nxf5 21. Bg4 Rce8 22. Bxf5 gxf5 23. Kh1 Re3 24. Qd2 Qxb3 25. Nxd4 Qd3 26. Rad1 Qxd2 27. Rxd2 Bxd4 28. Rxd4 Re4 29. Rxe4 fxe4 30. Re1 Rf5 31. Kg1 Re5 32. Kf2 Rxd5 1/2-1/2

[Event "Montreal Saturday op 11"]
[Site "Montreal CAN"]
[Date "2009.11.25"]
[Round "2"]
[White "Gates, Claude-Eric"]
[Black "Pozdnyakov, Alexander"]
[Result "1/2-1/2"]
[WhiteElo "1683"]
[BlackElo "1704"]
[PlyCount "98"]
[GameId "2160767910030244"]
[EventDate "2009.11.18"]
[EventType "tourn"]
[EventRounds "5"]
[EventCountry "CAN"]
[SourceTitle "EXT 2011"]
[Source "ChessBase"]
[SourceDate "2011.11.26"]
[SourceVersion "1"]
[SourceVersionDate "2011.11.26"]
[SourceQuality "1"]

1. c4 f5 2. g3 Nf6 3. Bg2 e5 4. Nf3 d6 5. d3 Nc6 6. Nc3 Be7 7. O-O O-O 8. Bg5 Be6 9. Rb1 a5 10. a3 d5 11. Bxf6 Rxf6 12. cxd5 Bxd5 13. Nxd5 Qxd5 14. Nd2 Qe6 15. Rc1 Ra6 16. Qa4 Nd4 17. Rfe1 c6 18. e3 Nb5 19. Nf3 Rf8 20. Bf1 Nd6 21. d4 b5 22. Qd1 e4 23. Ne5 Nf7 24. Nxf7 Rxf7 25. d5 Qxd5 26. Qxd5 cxd5 27. Bxb5 Rd6 28. Red1 Bf6 29. b3 Bb2 30. Rc6 Rxc6 31. Bxc6 Rc7 32. Bxd5+ Kf8 33. a4 Rc1 34. Rxc1 Bxc1 35. g4 fxg4 36. Kg2 g5 37. Bxe4 Kg7 38. h3 gxh3+ 39. Kxh3 Bd2 40. Kg4 h6 41. Bd3 Be1 42. f3 Bd2 43. e4 Kf6 44. Bb5 Ke5 45. Be8 Be3 46. Bf7 Bd2 47. Bd5 Be3 48. Kh5 Bd2 49. Kg4 Be3 1/2-1/2

[Event "Montreal Saturday op 11"]
[Site "Montreal CAN"]
[Date "2009.11.25"]
[Round "2"]
[White "Keane-McCarney, Eamon"]
[Black "Gauthier, Luc"]
[Result "0-1"]
[WhiteElo "1640"]
[BlackElo "1700"]
[PlyCount "102"]
[GameId "2160767910030245"]
[EventDate "2009.11.18"]
[EventType "tourn"]
[EventRounds "5"]
[EventCountry "CAN"]
[SourceTitle "EXT 2011"]
[Source "ChessBase"]
[SourceDate "2011.11.26"]
[SourceVersion "1"]
[SourceVersionDate "2011.11.26"]
[SourceQuality "1"]

1. e4 Nf6 2. e5 Nd5 3. d4 d6 4. Nf3 dxe5 5. Nxe5 c6 6. c4 Nb4 7. Nc3 Qxd4 8. Qxd4 Nc2+ 9. Kd1 Nxd4 10. Be3 Nf5 11. Bd2 Nd7 12. Nd3 e6 13. f4 Nf6 14. Be2 Nd4 15. Bf1 Be7 16. Be3 Nf5 17. Bg1 O-O 18. Kc2 Rd8 19. Rd1 Nd4+ 20. Kc1 c5 21. Bxd4 Rxd4 22. b3 a6 23. Na4 b5 24. cxb5 axb5 25. Naxc5 Bxc5 26. Nxc5 Rxd1+ 27. Kxd1 Rxa2 28. Nd3 Nd5 29. Kc1 b4 30. Nb2 Ra1+ 31. Kd2 Nc3 32. Kc2 Bb7 33. Nd3 Be4 34. Kb2 Rb1+ 35. Kc2 Rd1 36. Be2 Rxh1 37. Kd2 Bxd3 38. Kxd3 Nxe2 39. Kxe2 Rb1 40. Kd3 Rxb3+ 41. Kc2 Rc3+ 42. Kb2 Kf8 43. g4 Ke7 44. h4 Kd6 45. g5 g6 46. Ka2 Kc5 47. Kb2 Kc4 48. Ka2 b3+ 49. Kb1 Rc2 50. Ka1 Kc3 51. f5 Rc1# 0-1

[Event "Montreal Saturday op 11"]
[Site "Montreal CAN"]
[Date "2009.11.25"]
[Round "2"]
[White "Lange, Holger"]
[Black "Ber, Alexandre"]
[Result "1/2-1/2"]
[WhiteElo "1614"]
[BlackElo "1602"]
[PlyCount "65"]
[GameId "2160767910030246"]
[EventDate "2009.11.18"]
[EventType "tourn"]
[EventRounds "5"]
[EventCountry "CAN"]
[SourceTitle "EXT 2011"]
[Source "ChessBase"]
[SourceDate "2011.11.26"]
[SourceVersion "1"]
[SourceVersionDate "2011.11.26"]
[SourceQuality "1"]

1. e4 e6 2. d4 d5 3. Nd2 Nf6 4. e5 Nfd7 5. f4 c5 6. c3 Nc6 7. Ngf3 cxd4 8. cxd4 a6 9. Be2 Be7 10. O-O O-O 11. Nb3 f6 12. Be3 fxe5 13. fxe5 Nb6 14. Rc1 Bd7 15. a3 Be8 16. Qd2 Nd7 17. Bd3 Bh5 18. Ng5 Rxf1+ 19. Rxf1 Bxg5 20. Bxg5 Qb6 21. Bc2 Ncxe5 22. Qe3 Bg6 23. Bd1 Nc4 24. Qe2 Rf8 25. Re1 e5 26. Be3 e4 27. h4 Rf5 28. g4 Rf3 29. Bf2 Qd6 30. Kg2 Qf4 31. Kf1 Ne3+ 32. Qxe3 Qxe3 33. Rxe3 1/2-1/2

[Event "Montreal Saturday op 11"]
[Site "Montreal CAN"]
[Date "2009.11.25"]
[Round "2"]
[White "Levkovsky, Alexandre"]
[Black "Lange, David"]
[Result "1-0"]
[WhiteElo "2217"]
[BlackElo "1978"]
[PlyCount "73"]
[GameId "2160767910030247"]
[EventDate "2009.11.18"]
[EventType "tourn"]
[EventRounds "5"]
[EventCountry "CAN"]
[SourceTitle "EXT 2011"]
[Source "ChessBase"]
[SourceDate "2011.11.26"]
[SourceVersion "1"]
[SourceVersionDate "2011.11.26"]
[SourceQuality "1"]

1. e4 c5 2. Nf3 d6 3. d4 cxd4 4. Nxd4 Nf6 5. Nc3 a6 6. Be2 e6 7. O-O Be7 8. Be3 O-O 9. f4 Qc7 10. Bf3 Nc6 11. Nb3 Rb8 12. a4 Na5 13. Nxa5 Qxa5 14. Qd2 Kh8 15. g4 Nd7 16. Rfd1 Qc7 17. Ne2 b6 18. Ra3 Bb7 19. Rc3 Qd8 20. Kf2 Nc5 21. Rc4 Rc8 22. Nc3 Nd7 23. Qe2 Rxc4 24. Qxc4 Qc8 25. Qe2 Qc7 26. g5 Rc8 27. h4 Nc5 28. h5 Bc6 29. h6 Bf8 30. f5 g6 31. fxe6 fxe6 32. Bg4 Qf7+ 33. Kg3 Nxe4+ 34. Nxe4 Bxe4 35. Bd4+ e5 36. Qxe4 Rc4 37. Rf1 1-0